| 000 | 00696nam a2200241I 4500 | ||
|---|---|---|---|
| 008 | |||
| 020 | _a072360617X (pbk.) | ||
| 049 | _aMAIN | ||
| 090 |
_aRF46 _bLOG |
||
| 245 | 1 | 0 |
_aLogan Turner's Diseases of the nose, throat and ear / _c edited by J.F Birrell. |
| 250 | _a9th ed. | ||
| 260 |
_aBristol : _bWright-PSG, _c1982. |
||
| 300 |
_axiii, 445 p. : _bill. ; _c22 cm. |
||
| 500 | _aIncludes index. | ||
| 650 | 2 | _aOtorhinolaryngologic Diseases. | |
| 700 | _aBirrell, J.F. | ||
| 700 | _aStewart, John Philip. | ||
| 907 |
_a.b10365412 _b11-11-15 _c11-11-15 |
||
| 003 | |||
| 005 | 20230120204209.0 | ||
| 040 | _cNUST | ||
| 942 |
_cBOOKS _kRF46 _mLOG |
||
| 999 |
_c118882 _d118882 |
||